| 000 | 00968nam a2200241 a 4500 | ||
|---|---|---|---|
| 001 | 1966 | ||
| 003 | BD-RjUL | ||
| 005 | 20211208233443.0 | ||
| 008 | 190215s1949 ii 001 0 ben d | ||
| 020 | _c: IRs. 5.00 | ||
| 035 | _a(BD-RjUL)1993 | ||
| 040 |
_aBD-RjUL _cBD-RjUL _dBD-RjUL _beng |
||
| 041 | _aben/sans | ||
| 082 |
_223 _a294.59218 _bUPA 1949 |
||
| 245 | 0 | 0 |
_aউপনিষৎ গ্রন্থাবলী / _cস্বামী গম্ভীরানন্দ সম্পাদিত |
| 250 | _a৩য় সং. | ||
| 260 |
_aকলিকাতা: _bউদ্বোধন কার্যালয়, _c১৯৪৯ (আষাঢ় ১৩৫৬) |
||
| 300 |
_aভাগ ; _c১৮ সেমি. |
||
| 505 | 0 | _a২য় ভাগ, ছান্দোগ্যোপনিষৎ -- | |
| 650 |
_aউপনিষৎ _9228269 |
||
| 700 |
_aগম্ভীরানন্দ, (স্বামী ), সম্পাদক _9228273 |
||
| 942 |
_2ddc _cRAR |
||
| 999 |
_c1966 _d1966 |
||